LEADER 01771cam0 2200337 450 001 E600200028130 005 20211013145324.0 100 $a20070711d1998 |||||ita|0103 ba 101 $ager 102 $aDE 200 1 $a<>Erneuerung der heidnischen Antike. Kulturwissenschaftliche Beiträge zur Geschichte der europäischen Renaissance$fAby Warburg$gReprint der von Gertrud Bing unter Mitarbeit von Fritz Rougemont editierten Ausgabe von 1932$gneu herausgegeben von Horst Bredekamp und Michael Diers 210 $aBerlin$cAkademie Verlag$d1998 215 $a2 v.$dill. ; 24 cm 225 2 $aGesammelte Schriften$eStudienausgabe 410 1$1001LAEC00023712$12001 $a*Gesammelte Schriften : Studienausgabe 700 1$aWarburg$b, Aby$3AF00003765$4070$0446037 702 1$aBING, Gertrud$3AF00020647$4070 702 1$aBredekamp, Horst$3AF00010641$4070 702 1$aRougemont, Fritz$3A600200042544$4070 702 1$aDiers, Michael$3A600200042543$4070 801 0$aIT$bUNISOB$c20211013$gRICA 850 $aUNISOB 852 $aUNISOB$jFondo|Crie$m135419 852 $aUNISOB$jFondo|Crie$m135420 912 $aE600200028130 940 $aM 102 Monografia moderna SBN 941 $aM 957 $aFondo|Crie$b000378$i-1$gSi$d135419$hCrie$racquisto$1beth$2UNISOB$3UNISOB$420070711082113.0$520211013145251.0$6bethb$fPer le modalità di consultazione vedi homepage della Biblioteca link Fondi 957 $aFondo|Crie$b000378$i-2$gSI$d135420$hCrie$racquisto$1bethb$2UNISOB$3UNISOB$420211013145253.0$520211013145324.0$6bethb$fPer le modalità di consultazione vedi homepage della Biblioteca link Fondi 996 $aErneuerung der heidnischen Antike. Kulturwissenschaftliche Beiträge zur Geschichte der europäischen Renaissance$91686291 997 $aUNISOB LEADER 01861nam0 2200457 i 450 001 RAV0240007 005 20251003044328.0 010 $a8842044776 020 $aIT$b94-8755 100 $a19960918d1994 ||||0itac50 ba 101 | $aita 102 $ait 181 1$6z01$ai $bxxxe 182 1$6z01$an 200 1 $aMarx, Weber, Schmitt$fKarl Lowith$gprefazione di Ernst Nolte 210 $aRoma \etc.!$cLaterza$d1994 215 $aXX, 169 p.$d21 cm 225 | $aSagittari Laterza$v80 300 $aTrad. di Ettore Brissa, Anna Künkler Giavotto, A. M. Pozzan. 410 0$1001CFI0014078$12001 $aSagittari Laterza$v80 606 $aWeber, Max$2FIR$3BVEC002917$9I 606 $aMarx, Karl$2FIR$3BVEC010650$9E 606 $aSchmitt, Carl$2FIR$3CFIC000165$9E 676 $a193$9FILOSOFIA OCCIDENTALE MODERNA. GERMANIA E AUSTRIA$v19 676 $a193$9FILOSOFIA OCCIDENTALE MODERNA. GERMANIA E AUSTRIA$v21 676 $a301$9SOCIOLOGIA E ANTROPOLOGIA$v20 676 $a301$9SOCIOLOGIA E ANTROPOLOGIA$v21 676 $a301.092$9SOCIOLOGIA E ANTROPOLOGIA. Persone$v20 676 $a320.01$9SCIENZA POLITICA. Filosofia e teoria$v20 700 1$aLöwith$b, Karl$3CFIV068962$4070$0375663 702 1$aNolte$b, Ernst$3CFIV046515 801 3$aIT$bIT-000000$c19960918 850 $aIT-BN0095 $aIT-SA0252 $aIT-NA0075 $aIT-AV0045 901 $bNAP MV$cE $nDEPOSITO LIBRARIO RELIGIONE SALA E 901 $bNAP 83$cIAN $n$ 901 $bNAP 01$cGUERRAZZI $n$ 912 $aRAV0240007 950 0$aBiblioteca Centralizzata di Ateneo$c1 v.$d 01GUERRAZZI A 0007$e 0101 0000085245 VMA 1 v.$fA $h20070710$i20070710 977 $a 01$a 83$a GE$a MV 996 $aMax Webers stellung zur wissenschaft$939471 997 $aUNISANNIO